Cultura, desarrollo y cooperación: los reordenamientos de la agenda cultural /
Uloženo v:
| Hlavní autor: | |
|---|---|
| Médium: | Text |
| Témata: | |
| Tagy: |
Přidat tag
Žádné tagy, Buďte první, kdo vytvoří štítek k tomuto záznamu!
|
MARC
| LEADER | 00000 a a2200000 04500 | ||
|---|---|---|---|
| 001 | 13212 | ||
| 003 | |||
| 040 | |||
| 100 | |a Rey, Germán | ||
| 245 | |a Cultura, desarrollo y cooperación: |b los reordenamientos de la agenda cultural / |c Germán Rey | ||
| 650 | |a CULTURA | ||
| 650 | |a DESARROLLO SOCIAL | ||
| 650 | |a COOPERACION CULTURAL | ||
| 650 | |a COMUNICACION | ||
| 650 | |a TECNOLOGIA | ||
| 650 | |a AMERICA LATINA | ||
| 773 | |g número 17 primavera; páginas 39-37 | ||
| 999 | |c 23424 |d 23424 | ||
| 773 | 0 | |0 45439 |9 10485 |d Madrid, España : Universidad de Alcalá, |o 02301 |t Quorum : |x 9-771575-422702 | |
